2020 NFL QB's - Statistics

General Stats
  • This quiz has been taken 194 times
    121 since last reset
  • The average score is 44 of 112
Answer Stats
Team # College Player % Correct
Cardinals 1 Oklahoma Kyler Murray
98%
Falcons 2 Boston College Matt Ryan
89%
Bengals 8 Arkansas Brandon Allen
80%
Bills 17 Wyoming Josh Allen
80%
Football Team 8 Houston Kyle Allen
80%
Ravens 8 Louisville Lamar Jackson
80%
Chargers 10 Oregon Justin Herbert
74%
Rams N/A Georgia Matthew Stafford
74%
Seahawks 3 Wisconsin Russell Wilson
73%
Buccaneers 12 Michigan Tom Brady
73%
Packers 12 Cal Aaron Rodgers
72%
Chiefs 15 Texas Tech Patrick Mahomes II
72%
Saints 7 BYU Taysom Hill
72%
Giants 8 Duke Daniel Jones
71%
Raiders 4 Fresno St Derek Carr
71%
Browns 6 Oklahoma Baker Mayfield
70%
Cowboys 4 Mississippi St Dak Prescott
69%
Lions N/A Cal Jared Goff
69%
Patriots 1 Auburn Cam Newton
68%
Seahawks 7 West Virginia Geno Smith
68%
Bengals 9 LSU Joe Burrow
67%
Vikings 8 Michigan St Kirk Cousins
67%
Colts N/A North Dakot St Carson Wentz
66%
Bears 10 North Carolina Mitchell Trubisky
66%
Panthers 5 Louisville Teddy Bridgewater
66%
Saints 9 Purdue Drew Brees
65%
Texans 4 Clemson Deshaun Watson
64%
Broncos 3 Missouri Drew Lock
64%
Jets 14 USC Sam Darnold
64%
Dolphins 14 Harvard Ryan Fitzpatrick
63%
Titans 17 Texas A&M Ryan Tannehill
62%
Chargers 5 Virginia Tech Tyrod Taylor
62%
Cowboys 14 TCU Andy Dalton
61%
Saints 2 Florida State Jameis Winston
60%
Raiders 8 Oregon Marcus Mariota
60%
Eagles 2 Oklahoma Jalen Hurts
58%
49ers 2 UCLA Josh Rosen
58%
Packers 10 Utah St Jordan Love
57%
Steelers 7 Miami (OH) Ben Roethlisberger
56%
Jaguars 15 Washington St Gardner Minshew II
56%
Bears 9 Arizona Nick Foles
55%
Jets 5 Delaware Joe Flacco
53%
Browns 5 Houston Case Keenum
50%
Steelers 2 Oklahoma St Mason Rudolph
50%
Steelers N/A Ohio St Dwayne Haskins
48%
49ers 10 Eastern Illinois Jimmy Garoppolo
48%
Ravens 3 Baylor Robert Griffin III
48%
Buccaneers 4 Tulane Ryan Griffin
47%
Colts 7 NC State Jacoby Brissett
44%
Chiefs 4 Michigan Chad Henne
42%
Rams 19 UCF Blake Bortles
41%
Giants 12 Texas Colt McCoy
41%
Dolphins 1 Alabama Tua Tagovailoa
41%
Patriots 2 Michigan St Brian Hoyer
40%
Ravens 2 Utah Tyler Huntley
38%
Cowboys 10 Central Michigan Cooper Rush
37%
Panthers 6 Temple PJ Walker
37%
Football Team 4 Old Dominion Taylor Heinicke
35%
Patriots 4 Auburn Jarrett Stidham
34%
Ravens 7 Penn St Trace McSorley
34%
Buccaneers 11 Missouri Blaine Gabbert
33%
49ers 1 San Diego Josh Johnson
33%
Jets 8 South Florida Mike White
33%
Steelers 0 Tennessee Joshua Dobbs
31%
Jaguars 2 NC State Mike Glennon
31%
Cowboys 7 James Madison Ben DiNucci
30%
Broncos 9 Louisiana Tech Jeff Driskel
29%
Bills 10 Georgia Jake Fromm
26%
49ers 4 Southern Miss Nick Mullens
25%
Lions 4 Missouri Chase Daniel
24%
Raiders 3 Pitt Nathan Peterman
24%
Broncos 4 Boise St Brett Rypien
23%
49ers 3 Iowa C.J. Beathard
23%
Titans 4 Notre Dame DeShone Kizer
22%
Bills 5 USC Matt Barkley
22%
Panthers 7 West Virginia Will Grier
22%
Lions 10 Purdue David Blough
21%
Rams 9 Wake Forest John Wolford
21%
Vikings 4 Oregon St Sean Mannion
21%
Falcons 8 Virginia Matt Schaub
20%
Saints 4 Northwestern Trevor Siemian
20%
Packers 8 Eastern Kentucky Tim Boyle
19%
Texans 2 Alabama AJ McCarron
18%
Jaguars 6 Idaho Jake Luton
18%
Bengals 5 NC State Ryan Finley
18%
Chargers 2 North Dakota St Easton Stick
16%
Cowboys 3 SMU Garrett Gilbert
16%
Cardinals 7 UCLA Brett Hundley
15%
Colts 9 Washington Jacob Eason
13%
Bills 7 Cal Davis Webb
11%
Vikings 3 Washington Jake Browning
11%
Giants 19 UAB Joe Webb III
11%
Chiefs N/A Washington St Anthony Gordon
8%
Rams 5 Virginia Bryce Perkins
8%
Chiefs 9 Ole Miss Jordan Ta'amu
8%
Eagles 7 Indiana Nate Sudfeld
8%
Falcons 6 Virginia Kurt Benkert
5%
Vikings 7 Iowa Nate Stanley
5%
Panthers 15 Mississippi St Tommy Stevens
5%
Seahawks 6 FIU Alex McGough
4%
Bears 8 Tennessee Tyler Bray
4%
Cardinals 15 South Dakota Chris Streveler
3%
Jets 4 FIU James Morgan
3%
Browns 17 Richmond Kyle Lauletta
3%
Titans 5 Toledo Logan Woodside
3%
Giants 5 Northwestern Clayton Thorson
2%
Seahawks 10 LSU Danny Etling
2%
Dolphins 5 Michigan Jake Rudock
1%
Bengals 6 Vanderbilt Kyle Shurmur
1%
Colts N/A Prairie View A&M Jalan Morton
0%
Dolphins 17 San Diego Reid Sinnett
0%
Football Team 6 Colorado Stephen Montez
0%
No matching quizzes found
Score Distribution
Percent of People with Each Score
Percentile by Number Answered
Your Score History
You have not taken this quiz since the last reset